Apuntes para una guía de Segovia y su provincia / (Record no. 155340)

MARC details
000 -LEADER
campo de control de longitud fija 00669nam a22001935i 4500
001 - NÚMERO DE CONTROL
campo de control 155340
003 - IDENTIFICADOR DE NÚMERO DE CONTROL
campo de control ES-MaACL
005 - FECHA Y HORA DE LA ÚLTIMA TRANSACCIÓN
campo de control 20230906210035.0
008 - DATOS DE LONGITUD FIJA--INFORMACIÓN GENERAL
campo de control de longitud fija 010426q18891900sp af |||| | spa d
040 ## - FUENTE DE CATALOGACIÓN
Centro catalogador/agencia de origen CCPB | B
Lengua de catalogación spa
Centro/agencia transcriptor CCPB | B
100 1# - ENTRADA PRINCIPAL--NOMBRE DE PERSONA
Nombre de persona Hernández Useros, Pedro.
9 (RLIN) 127908
245 10 - MENCIÓN DEL TÍTULO
Título Apuntes para una guía de Segovia y su provincia /
Mención de responsabilidad, etc. Pedro Hernández Useros.
260 ## - PUBLICACIÓN, DISTRIBUCIÓN, ETC.
Lugar de publicación, distribución, etc. Segovia :
Nombre del editor, distribuidor, etc. [s.n.,
Fecha de publicación, distribución, etc. s.a.] (
Fabricante Imprentas Provincial y S. Rueda)
300 ## - DESCRIPCIÓN FÍSICA
Extensión 363 p., [10] h. de grab. ;
Dimensiones 15 cm.
596 #1 - NOTA AL PIE DE IMPRENTA
NOTA AL PIE DE IMPRENTA Fecha tomado de prelim., 1889.
651 #4 - PUNTO DE ACCESO ADICIONAL DE MATERIA--NOMBRE GEOGRÁFICO
Nombre geográfico Segovia-
Subdivisión de forma Guías.
9 (RLIN) 137358
752 ## - ENTRADA AGREGADA--NOMBRE JERÁRQUICO DEL LUGAR
País o entidad superior España -
Ciudad Segovia
852 ## - LOCALIZACIÓN
Ubicación ES-MaACL
Número de control de estantería D-3888
Nota libre -- Enc. tela
Holdings
Estatus retirado Estado de pérdida Estado de daño No para préstamo Biblioteca de origen Biblioteca actual Ubicación en estantería Fecha de adquisición Fuente de adquisición Total de préstamos Signatura topográfica completa Código de barras Visto por última vez Precio de reemplazo Tipo de ítem Koha
        Biblioteca del Ateneo de Madrid Biblioteca del Ateneo de Madrid Sala Valle Inclán 17/01/2008     D-3888 901162492 23/02/2023 23/02/2023 Libro impreso